|
|
|
|
| LEADER |
00000nab a2200000 a 4500 |
| 001 |
vtls008408961 |
| 003 |
SK-MaSNL |
| 005 |
20260303070114.0 |
| 008 |
051110c20050815xo drz 0 0slo |
| 038 |
|
|
|a KEVKJB
|
| 040 |
|
|
|a KEVKJB
|b slo
|c KEVKJB
|e AACR2
|
| 041 |
0 |
|
|a slo
|
| 044 |
|
|
|a xo
|c SK
|
| 080 |
|
|
|a 339.727.22
|2 UDC-MRF-SK2
|
| 100 |
1 |
|
|a Kizek, Marián
|4 aut
|9 877271
|
| 245 |
1 |
0 |
|a Do Kechneca mieri francúzska firma-investuje 3,85 miliardy!
|c Kizek, Marián
|
| 300 |
|
|
|b Fotogr.
|
| 610 |
2 |
7 |
|a Priemyselný park Kechnec (Kechnec, Slovensko)
|2 kevkjb
|9 170588
|
| 650 |
0 |
7 |
|a zahraničné investície
|2 kevkjb
|9 2650
|
| 651 |
|
7 |
|a Košice-okolie (Slovensko : okres)
|2 kevkjb
|9 146743
|
| 773 |
0 |
|
|t Košický denník Korzár
|g Roč. VIII, č. 189 (15.8.2005), 1
|x 1335-4566
|
| 852 |
|
|
|a KEVKJB
|b KIS3GCP
|
| 999 |
|
|
|c 1753989
|d 1755919
|